| 000 | 01854cam a22004455i 4500 | ||
|---|---|---|---|
| 001 | 14282179 | ||
| 003 | EG-ScBUE | ||
| 005 | 20220626111101.0 | ||
| 006 | i||z f |||| 00| u | ||
| 008 | 060301r20052002enka f f000 0 eng d | ||
| 020 | _a052101333X (Student's book with answers) | ||
| 020 | _a0521013356 (Cassette set) | ||
| 020 | _a0521013364 (Audio CD set) | ||
| 020 | _a0521013372 (Self-study pack) | ||
| 040 |
_aDLC _beng _erda _cDLC _dDLC _dEG-ScBUE |
||
| 082 | 0 | 4 |
_a428.24076 _bCAM _222 |
| 245 | 0 | 0 |
_aCambridge IELTS : _bexamination papers from the University of Cambridge local examinations syndicate. _n3. |
| 246 | 3 | 4 |
_aCambridge IELTS : _bexamination papers from the University of Cambridge ESOL examinations : with answers edition |
| 250 | _aSixth printing. | ||
| 264 | 1 |
_aCambridge : _bCambridge University Press, _c2005. |
|
| 300 |
_aiv, 172 pages : _billustration ; _c25 cm. + _e2 cassette + 2 audio CDs |
||
| 336 |
_atext _btxt _2rdacontent |
||
| 336 |
_aspoken word _bspw _2rdacontent |
||
| 337 |
_aunmediated _bn _2rdamedia |
||
| 337 |
_aaudio _bs _2rdamedia |
||
| 338 |
_avolume _bnc _2rdacarrier |
||
| 338 |
_aaudiocassette _bss _2rdacarrier |
||
| 338 |
_aaudio disc _bsd _2rdacarrier |
||
| 490 | 0 | _aCambridge books for Cambridge exams | |
| 500 | _aFirst published 2002. | ||
| 650 | 7 |
_aInternational English Language Testing System _vStudy guides. _2BUEsh _936012 |
|
| 650 | 7 |
_aEnglish language _vExaminations, questions, etc. _2BUEsh |
|
| 650 | 7 |
_aEnglish language _vTextbooks for foreign speakers. _2BUEsh |
|
| 650 | 7 |
_aEnglish language _vSound recordings for foreign speakers. _2BUEsh _936029 |
|
| 650 | 7 |
_aEnglish language _vStudy and teaching as a second language. _2BUEsh |
|
| 650 | 7 |
_aEnglish language _xStudy and teaching _xForeign speakers. _2BUEsh |
|
| 651 | _2BUEsh | ||
| 653 |
_bHHUUEENN _cDecember2017 |
||
| 942 |
_2ddc _cBB |
||
| 999 |
_c25732 _d25704 |
||